Estatísticas para Adivinhe a Capital pela Imagem - Parte 01

Clique aqui para jogar o quiz

Estatísticas Gerais

  • Esse quiz foi jogado 74 vezes
    (58 desde o último reset)
  • A pontuação média é 10 de 16

Estatísticas das Respostas

Resposta% Correto
Berlim
96%
Atenas
89%
Cairo
87%
Pequim
85%
Tóquio
83%
Washington D.C
83%
Brasília
72%
Jerusalém
67%
Lisboa
65%
Moscou
65%
Roma
52%
Buenos Aires
50%
Camberra
37%
Cidade do México
35%
Viena
26%
Wellington
22%

Distribuição das Pontuações

Percentil de Números Respondidos

Porcentagem de Pessoas com Cada Pontuação

Sua Pontuação Histórica

Você não jogou esse quiz desde o último reset